Вып. 27; Экономика и организация промышленного производства

التفاصيل البيبلوغرافية
Parent link:Экономика и организация промышленного производства: республиканский межведомственный научно-технический сборник. Вып. 27.— , 1965-1992
مؤلفون آخرون: Олейник С. У. (редактор)
اللغة:الروسية
منشور في: 1990
الموضوعات:
التنسيق: كتاب
KOHA link:https://koha.lib.tpu.ru/cgi-bin/koha/opac-detail.pl?biblionumber=199139

MARC

LEADER 00000nam2a2200000 4500
001 199139
005 20231031184145.0
020 |a RU  |b 84-15232ж 
035 |a (RuTPU)RU\TPU\book\217166 
035 |a RU\TPU\book\168868 
090 |a 199139 
100 |a 20110726d1991 k y0rusy5003 ca 
101 0 |a rus 
102 |a UA 
105 |a a z 001zy 
200 0 |a Вып. 27  |f отв. ред. С. У. Олейник 
210 |d 1990 
215 |a 90 с.  |c ил. 
320 |a Библиогр. в конце ст. 
461 1 |0 (RuTPU)RU\TPU\book\148419  |t Экономика и организация промышленного производства  |o республиканский межведомственный научно-технический сборник  |v Вып. 27  |d 1965-1992 
610 1 |a промышленные предприятия 
610 1 |a экономика 
610 1 |a хозяйственный расчет 
610 1 |a самофинансирование 
610 1 |a подряд 
610 1 |a себестоимость 
610 1 |a материальные ресурсы 
610 1 |a трудовые ресурсы 
675 |a 658  |v 3 
702 1 |a Олейник  |b С. У.  |4 340 
801 0 |a RU  |b RuMRKP  |c 19950704  |g psbo 
801 1 |a RU  |b 63413507  |c 20090318  |g PSBO 
801 2 |a RU  |b 63413507  |c 20151218  |g PSBO 
942 |c BK